00528nam a2200181 a 45000010010000000030011000100080041000210350026000620820014000881000021001022450028001232600040001516500018001919420012002099520090002219980020003119990015003310000-8519ELIB.Books110520 1985  a(ELIB.Books)0000-8664 a226 bEbe aEbeling, Gerhard aThe Truth of the Gospel bPhiladelphia: Fortress Press c1985 aNew Testament 2ddccBK 00102ddc4070aKBTSbKBTSd2011-05-20l0p3006r2022-01-22 00:00:00w2022-01-22yBK cbate2011-05-20 c8519d8519